Old Testament Book by First Verse Quiz Stats

 Plays Quiz Updated Jul 5, 2018

Challenge
Share
Tweet
Embed
Score 0/20 Timer 04:00
0 Plays Today
% Correct
Genesis
86.9%
Joshua
56.7%
Job
56.6%
Psalms
53.4%
Judges
52.7%
Exodus
48.8%
Lamentations
45.5%
Leviticus
43.7%
Ruth
42.8%
2 Samuel
41.5%
% Correct
1 Kings
37.4%
2 Kings
36.9%
Isaiah
36.9%
Ecclesiastes
35.8%
Deuteronomy
35.7%
Ezekiel
34.8%
Daniel
33.8%
Numbers
26.6%
Malachi
24.7%
Ezra
24.2%

You're not logged in!

Compare scores with friends on all Sporcle quizzes.
OR
Log In

You Might Also Like...

Show Comments

Extras

Top Quizzes Today


Score Distribution

Your Account Isn't Verified!

In order to create a playlist on Sporcle, you need to verify the email address you used during registration. Go to your Sporcle Settings to finish the process.

Report this User

Report this user for behavior that violates our Community Guidelines.

Details: